=LDR 00000nam 2200000 4500 =001 INLIS000000000036399 =005 20200205100533 =035 ##$$a 0010-061300000036399 =008 200205################g##########0#ind## =041 ##$$a Ind =082 ##$$a 005.369 =090 ##$$a 005.369, Pho p =245 ##$$a Photoshop untuk orang nggak kreatif /$c Jubille Enterprise =260 ##$$a Yogyakarta :$b PT Elex Media Komputindo,$c 2011 =300 ##$$a viii, 108 hlm. : $b ilus. ; $c 14 x 21 cm =650 #4$$a Photoshop-program komputer =850 ##$$a NBPNMAT =020 ##$$a 978-602-00-1490-6 =084 ##$$a 005.369 PHO p =504 ##$$a Biografi : hlm. 107-108 =990 ##$$a 21102516 =990 ##$$a 21102514 =990 ##$$a 21102515